An historical relation of the island Ceylon : (Record no. 9377)

000 -LEADER
fixed length control field 01561cam a2200361 a 4500
001 - CONTROL NUMBER
control field 4959251
005 - DATE AND TIME OF LATEST TRANSACTION
control field 20260115095234.0
008 - FIXED-LENGTH DATA ELEMENTS--GENERAL INFORMATION
fixed length control field 970220s1989 ce ab b 001 0 eng
010 ## - LIBRARY OF CONGRESS CONTROL NUMBER
LC control number 96905802
025 ## - OVERSEAS ACQUISITION NUMBER
Overseas acquisition number C-E-96-905802; 20
040 ## - CATALOGING SOURCE
Original cataloging agency DLC
Transcribing agency SSBUL
Modifying agency DLC
042 ## - AUTHENTICATION CODE
Authentication code lcode
043 ## - GEOGRAPHIC AREA CODE
Geographic area code a-ce---
050 00 - LIBRARY OF CONGRESS CALL NUMBER
Classification number DS489
Item number .K74 1989
082 00 - DEWEY DECIMAL CLASSIFICATION NUMBER
Classification number 954.93
Edition number 23
100 1# - MAIN ENTRY--PERSONAL NAME
Personal name Knox, Robert,
Dates associated with a name 1640?-1720.
9 (RLIN) 14002
245 13 - TITLE STATEMENT
Title An historical relation of the island Ceylon :
Number of part/section of a work Vol II /
Statement of responsibility, etc. by Robert Knox ; edited with introduction & notes by J.H.O. Paulusz.
250 ## - EDITION STATEMENT
Edition statement Revised, enlarged & brought to the verge of publication as the Second edition.
264 ## - PRODUCTION, PUBLICATION, DISTRIBUTION, MANUFACTURE, AND COPYRIGHT NOTICE
Place of production, publication, distribution, manufacture Dehiwala :
Name of producer, publisher, distributor, manufacturer Tisara Prakasakayo Ltd.,
Date of production, publication, distribution, manufacture, or copyright notice 1989.
300 ## - PHYSICAL DESCRIPTION
Extent lii, 688 pages :
Other physical details illustrations, map ;
Dimensions 23 cm.
490 1# - SERIES STATEMENT
Series statement The Ceylon historical journal monograph series ;
Volume/sequential designation v. 13-14
500 ## - GENERAL NOTE
General note S-KN: Ashin Khemānanda
General note "Together with his autobiography and all the new chapters, paragraphs, marginal notes added by the author in the two interleaved copies of the original text of 1681."
504 ## - BIBLIOGRAPHY, ETC. NOTE
Bibliography, etc. note Includes bibliographical references and indexes.
600 10 - SUBJECT ADDED ENTRY--PERSONAL NAME
Personal name Knox, Robert,
Dates associated with a name 1640?-1720
General subdivision Travel
Geographic subdivision Sri Lanka.
9 (RLIN) 14003
651 #0 - SUBJECT ADDED ENTRY--GEOGRAPHIC NAME
Geographic name Sri Lanka
General subdivision Description and travel.
9 (RLIN) 13600
Geographic name Sri Lanka
General subdivision Social life and customs.
9 (RLIN) 9388
700 1# - ADDED ENTRY--PERSONAL NAME
Personal name Paulusz, J. H. O.
9 (RLIN) 14004
830 #0 - SERIES ADDED ENTRY--UNIFORM TITLE
Uniform title Ceylon historical journal monograph series ;
Volume/sequential designation v. 13-14.
9 (RLIN) 13621
906 ## - LOCAL DATA ELEMENT F, LDF (RLIN)
a 7
b cbc
c origode
d 3
e ncip
f 19
g y-gencatlg
942 ## - ADDED ENTRY ELEMENTS (KOHA)
Source of classification or shelving scheme
Koha item type Books (Long term)
Holdings
Withdrawn status Lost status Source of classification or shelving scheme Damaged status Not for loan Collection code Permanent Location Current Location Shelving location Date acquired Total Checkouts Full call number Barcode Date last seen Price effective from Koha item type Accession
          English Collection Shan State Buddhist University Library Shan State Buddhist University Library English Shelves 05/01/2023   954.93 Kn 20594(2) EB00020594 05/01/2023 05/01/2023 Books (Long term) 20594
          English Collection Shan State Buddhist University Library Shan State Buddhist University Library English Shelves 05/01/2023   954.93 Kn 20593(1) EB00020593 05/01/2023 05/01/2023 Book (Short term) 20593

Library - 09407999929
Admin Office - 09407999979
Dean Office - 09250910768
Registrar Office - 09892297154
Email - [email protected]
Shan State Buddhist University, Phaya Phyu Taunggyi, Shan State, Myanmar.